000 00773nam a2200253 a 4500
001 000037712
003 DO-SdBNP
005 20240412074258.0
007 ta
008 121115s 2012 dr r 000 p spa d
020 _a9789945489293
040 _aDO-SdBNP
_bspa
_cBNPHU
082 4 _aBNPHU RD861.44
_bS211bo
100 1 _aSánchez, Jesús Alcedo,
_d1954-
_964171
245 1 0 _aBotón de muestra /
_cJesús Alcedo Sánchez.
260 _aSanto Domingo :
_bSantuario,
_c2012.
300 _a175 p. ;
_c23 cm.
500 _aBreve biografía del autor en la solapa de la cubierta.
590 _aInventariado, 2018/BT
650 1 4 _aPoesía dominicana
_966
650 1 0 _aLiteratura dominicana.
_967
910 _aValidado. Control de calidad. MMOLINA
942 _2ddc
_cLBS1
999 _c37202
_d37202